FIFA World Cup Golden Boot/Shoe - Statistics

General Stats
  • This quiz has been taken 1,042 times
  • The average score is 6 of 12
Answer Stats
World Cup Answer % Correct
2002 South Korea/Japan Ronaldo
95%
2022 Qatar Kylian Mbappe
90%
2006 Germany Miroslav Klose
81%
2010 South Africa Thomas Muller
71%
2018 Russia Harry Kane
67%
2014 Brazil James Rodriguez
53%
1982 Spain Paolo Rossi
37%
1986 Mexico Gary Lineker
33%
1998 France Davor Suker
28%
(joint top scorer in 1994) Hristo Stoichkov
26%
1990 Italy Salvatore Schillaci
22%
1994 United States Oleg Salenko
11%
No matching quizzes found
Score Distribution
Percent of People with Each Score
Percentile by Number Answered
Your Score History
You have not taken this quiz